000 00645nam a2200181Ia 4500
008 090124s9999 xx 000 0 und d
082 _b104698
100 _aकदम विश्राम बापू
245 _a पोलीस नागरीक मार्गदर्शक
250 _a1
260 _c1957
300 _a136
600 _aकदम विश्राम बापू
630 _a पोलीस नागरीक मार्गदर्शक
700 _aकदम विश्राम बापू
730 _a पोलीस नागरीक मार्गदर्शक
942 _cBOOK
999 _c150790
_d150790